00347nam a2200121Ia 4500008004000000020001800040082001900058100002000077245005000097260004900147300001300196650001600209210210b1974 xxu||||| |||| 00| 0 eng d a0 7069 0312 9 a327.54051 HARI aHARRIS (Nigel). aIndia china: underdevelopment and revolution. aDelhibVikas Publishing House Pvt Ltd.c1974 axxiv,339 aIndia China